00202nam a22000977a 4500003000400000082001400004100001800018245002700036260003300063300000800096SGT a820bS68R aRAMANUJAN, G. aSTORY OF INDIAN LABOUR bJAICO PUBLISHING HOUSEc1968 a254